Statistics for Countries Bordering Burkina Faso - Map Quiz

Click here to take the quiz!

General Stats

  • This quiz has been taken 434 times
  • The average score is 6 of 6

Answers on the Map

Answers color-coded by a green-red scale on the quiz's map according to % correct below.
 

Answer Stats

Answer% Correct
Niger
98%
Mali
97%
Cote d'Ivoire
96%
Togo
94%
Ghana
92%
Benin
89%

Score Distribution

Percentile by Number Answered

Percent of People with Each Score

Your Score History

You have not taken this quiz